000
00336nam a2200145Ia 4500
008
151213s9999 xx 000 0 und d
100
_a
Iqbal Ahmed
245
_a
Basic Labour Laws Bangladesh
_c
Iqbal Ahmed
260
_a
Dhaka
_c
1996
300
_a
2802 p.
650
_a
Law
650
_a
Law
700
_a
Iqbal Ahmed
999
_c
1912
_d
1912